000 00659nam a2200229Ia 4500
003 OSt
005 20221007074910.0
006 a|||||r|||| 00| 0
007 ta
008 221006b |||||||| |||| 00| 0 eng d
024 _a17,993
037 _cTextual
040 _aFLL
_cFLL
_beng
041 _2eng
_aeng
082 _aY31:433:5.2.N7, L9
100 _aMishra G.P. Au.
_9693299
245 0 _aAnatomy of rural unemployment and policy prescriptions
260 _aNew Delhi
_bAssociated publishing house India
_c1979
300 _a68p
_ccm.
942 _hY31:433:5.2.N7, L9
_cTEXL
_2CC
999 _c1154078
_d1154078